[Event "Yingmei Cup CHN-chT 2017"]
[Site "Shenzen"]
[Date "2017.04.18"]
[Round "1"]
[White "Gao, Rui"]
[Black "Li, Chao b"]
[Result "0-1"]
[WhiteElo "2543"]
[BlackElo "2720"]
[Annotator "TA"]
[PlyCount "74"]
[EventDate "2017.??.??"]
[EventCountry "CHN"]
[SourceTitle "playchess.com"]
[Source "ChessBase"]
[SourceQuality "1"]

{[%evp 20,74,25,23,22,9,20,10,27,4,31,0,0,-39,-20,-9,0,0,23,24,52,43,37,-27,-12,-37,-45,-269,-270,-249,-173,-447,-450,-480,-458,-510,-363,-356,-359,-350,-343,-396,-398,-394,-410,-405,-398,-389,-297,-872,-876,-1044,-1016,-5002,-4994,-29993,-29994]} 1. e4 c6 2. d4 d5 3. exd5 cxd5 4. Bd3 Nc6 5. c3 Qc7 6. Ne2 e6 7. Bf4 Bd6 8. Bxd6 Qxd6 9. O-O {B13: Caro-Kann: Exchange Variation and Panov-Botvinnik Attack} Nge7 {[%cal Bg8e7,Be7f5,Bf5e3][%mdl 32]} (9... Nf6 10. Nd2 e5 11. dxe5 Nxe5 12. Bb5+ Nc6 13. Nc4 Qc7 14. Ne3 Be6 15. Nd4 O-O 16. Bd3 Nxd4 17. cxd4 Qb6 {½-½ (39) Bersamina,P (2378)-Antonio,R (2474) Manila 2016}) 10. Nd2 Bd7 11. f4 {LiveBook: 3 Games. White has an edge.} f6 12. Kh1 $146 (12. Nf3 O-O 13. Qd2 Be8 14. Nh4 g6 {½-½ (32) Brod,M (2212)-Juhasz,K (2357) Austria 2012}) 12... h6 13. Qc2 Rc8 14. a3 Nf5 15. Qb3 O-O 16. Nf3 Ne3 17. Rfe1 Be8 18. Neg1 Ng4 {[%cal Rg4f2] [#]} ({Don't capture} 18... Qxf4 $2 19. Nh3 Qc7 20. Rxe3 $18) 19. Re2 {h3 is the strong threat.} Qxf4 20. h3 h5 $1 21. hxg4 ({White should try} 21. Rf1 $14) 21... hxg4 $11 22. Nh2 (22. Qxb7 $2 Rb8 23. Qa6 gxf3 24. Nxf3 e5 $19) 22... Qg3 $1 23. Bf5 $2 ({Reject} 23. Qxb7 Rb8 24. Qa6 Kf7 $19) ({Better is} 23. Rxe6 $15 Qxd3 24. Qxb7) 23... exf5 $19 24. Qxd5+ Kh7 25. Rf1 $2 (25. Qxf5+ {was called for.} Bg6 26. Qe6 (26. Qxg4 Qxg4 27. Nxg4 Bh5 $17)) 25... g6 26. Qe6 Bf7 27. Qxf6 {If only White now had time for Qg5....} Bc4 28. Qg5 Bxe2 29. Nxe2 Qd6 30. d5 Qe7 31. Qd2 Ne5 32. Nf4 Qh4 33. Kg1 Rh8 (33... Rfe8 $2 34. Ne6 $19) 34. d6 $2 (34. Qd4 g3 35. Nf3 Nxf3+ 36. Rxf3) 34... Kg7 35. Ne6+ Kf6 36. Nxg4+ Nxg4 {[%csl Gg4,Gh8][%cal Rh4h2] [#]} 37. Qd4+ Kxe6 0-1

[Event "Yingmei Cup CHN-chT 2017"]
[Site "Shenzen"]
[Date "2017.04.18"]
[Round "1"]
[White "Yu, Ruiyuan"]
[Black "Liu, Qingnan"]
[Result "0-1"]
[WhiteElo "2526"]
[BlackElo "2502"]
[Annotator "TA"]
[PlyCount "36"]
[EventDate "2017.??.??"]
[EventCountry "CHN"]
[SourceTitle "playchess.com"]
[Source "ChessBase"]
[SourceQuality "1"]

{[%evp 31,36,59,53,25,60,-29992,-29993]} 1. e4 c5 2. Nf3 Nc6 3. d4 cxd4 4. Nxd4 g6 5. c4 Bg7 6. Be3 Nf6 7. Nc3 d6 8. Be2 O-O 9. O-O Bd7 10. Qd2 Nxd4 11. Bxd4 Bc6 12. f3 Nd7 {[%cal Bf6d7,Bd7c5,Bc5d3][%mdl 32]} 13. Be3 a5 14. b3 Nc5 15. Rac1 Be5 {B38: Sicilian: Maroczy Bind with 5...Bg7 and 7...0-0} 16. Rfd1 e6 {LiveBook: 8 Games} 17. Bd4 (17. Rc2 Qe7 18. Nb5 Qh4 19. g3 Bxg3 20. hxg3 Qxg3+ 21. Kf1 Nxe4 22. Qd3 f5 23. Nd4 f4 24. Nxc6 fxe3 25. Qxe3 Rf4 26. Nd4 Rh4 27. Qg1 Rh1 {0-1 (27) Lupulescu,C (2618)-Iturrizaga Bonelli,E (2650) Baku 2016}) 17... Qb6 18. Bxe5 $146 {[%mdl 8192] [#]} (18. Nb5 $14) (18. Rb1 Qb4 19. f4 Rfd8 {0-1 (41) Pichugin,A (2176)-Dzhakaev,D (2510) Moscow 2008}) 18... Nd3+ $1 0-1

[Event "Yingmei Cup CHN-chT 2017"]
[Site "Shenzen"]
[Date "2017.04.18"]
[Round "1"]
[White "Tan, Zhongyi"]
[Black "Ni, Shiqun"]
[Result "1-0"]
[WhiteElo "2508"]
[BlackElo "2450"]
[Annotator "TA"]
[PlyCount "116"]
[EventDate "2017.??.??"]
[EventCountry "CHN"]
[SourceTitle "playchess.com"]
[Source "ChessBase"]
[SourceQuality "1"]

{[%evp 11,116,-15,-15,-24,9,9,9,8,24,22,24,24,24,24,24,27,46,44,40,19,24,23,33,25,20,0,0,0,0,0,0,0,0,0,0,0,5,5,5,5,20,20,18,17,11,10,39,39,39,39,39,39,39,20,39,27,32,6,159,152,164,158,190,134,134,119,279,281,268,264,475,470,514,513,489,470,441,441,856,806,918,929,858,843,1474,1109,1238,1332,1129,831,7564,2319,29970,29972,29967,29972,29972,29973,29974,29975,29975,29976,29977,29978,29978,29979,29977]} 1. c4 e5 2. Nc3 Nf6 3. g3 Bb4 4. Bg2 O-O 5. Qb3 Bxc3 6. Qxc3 {A22: English Opening: 1...e5 2 Nc3 Nf6} Re8 {LiveBook: 4 Games} 7. d3 Nc6 8. e4 {The position is equal.} (8. Nf3 e4 9. Nd4 Nxd4 10. Qxd4 exd3 11. e3 d5 12. cxd5 c6 13. O-O Nxd5 {½-½ (24) Timofeev,A (2681)-Zhou,J (2623) Sochi 2009}) 8... Nd4 9. Nf3 Nxf3+ $146 (9... c5 10. Nxd4 exd4 11. Qa3 d5 12. cxd5 Qxd5 13. O-O Qh5 {1-0 (41) Buettner,F (2283)-Papakosmas,L (2400) CServe email 1999}) 10. Bxf3 c6 11. O-O d5 12. exd5 cxd5 13. Bg5 Bh3 14. Rfe1 d4 15. Qd2 Rb8 $1 16. Bd5 h6 17. Bxf6 Qxf6 18. f4 (18. b4 $5 {looks sharper.} Be6 19. Be4 Bg4 20. a4 Bf3 21. Bxf3 Qxf3 22. Qe2) 18... exf4 19. Qxf4 Qxf4 20. gxf4 Bf5 21. Rad1 b6 22. Be4 Bg4 23. Rc1 Kf8 24. Kf2 g5 25. Kg3 Bd7 26. h4 gxh4+ 27. Kxh4 Kg7 28. Kg3 f5 29. Bd5 Kf6 30. Kf2 Rxe1 31. Rxe1 $14 {[%mdl 4096] Endgame KRB-KRB} Re8 32. Rh1 Kg6 33. Rg1+ Kf6 34. b4 Be6 $2 {[#]} (34... Re3 $11) 35. Bxe6 $1 $16 Rxe6 {[#] KR-KR} 36. Re1 $1 {[%cal Re1e6] Threatens to win with Rxe6+.} Rd6 ({Reject} 36... Rxe1 37. Kxe1 Kg6 38. Kf2 $18 (38. c5 bxc5 39. bxc5 Kf6 $11)) 37. Re8 (37. Re5 $18) 37... Rd7 38. a4 Kg6 $2 (38... h5 $16) 39. Re6+ $18 Kg7 40. Kg3 h5 $2 (40... Kg8 {might work better.} 41. Re5 (41. Rxh6 Re7 42. c5 bxc5 $16) 41... Rf7) 41. Kh4 Kf7 42. Rh6 Kg7 43. Kxh5 ({Weaker is} 43. Rxh5 Re7 44. Rxf5 Re3 $18) 43... Re7 44. Rd6 Re3 (44... Kf7 $142 45. Rxd4 Re1) 45. Rxd4 Kf6 46. Rd6+ Ke7 47. c5 {[%cal Bc4c5,Bc5c6,Bc6c7][%mdl 32]} a5 48. Rxb6 axb4 49. Kg5 Rxd3 50. Rxb4 Rd5 51. Rb5 (51. Rc4 $142 Kd7 52. a5) 51... Ke6 52. c6 {White mates.} Rd1 53. Rc5 Rg1+ 54. Kh4 Rh1+ 55. Kg3 Rh8 56. c7 Rc8 57. a5 Kd6 58. Rc2 Kd5 1-0

[Event "Yingmei Cup CHN-chT 2017"]
[Site "Shenzen"]
[Date "2017.04.18"]
[Round "1"]
[White "Xu, Xiangyu"]
[Black "Ding, Liren"]
[Result "1/2-1/2"]
[WhiteElo "2503"]
[BlackElo "2759"]
[Annotator "TA RC"]
[PlyCount "56"]
[EventDate "2017.??.??"]
[EventCountry "CHN"]
[SourceTitle "playchess.com"]
[Source "ChessBase"]
[SourceQuality "1"]
[TimeControl "5400+30"]

1. Nf3 d5 2. g3 $146 (2. d4 Nf6 3. e3 e6 4. Bd3 Bd6 5. O-O O-O 6. b3 c5 7. Bb2 b6 8. Nbd2 Bb7 9. Ne5 Nbd7 10. f4 Ne4 11. Nxe4 dxe4 12. Bc4 Nf6 13. Ng4 Nxg4 14. Qxg4 g6 15. f5 exf5 16. Rxf5 Bc8 17. Rxf7 Rxf7 18. Qxe4 Bf5 19. Qb7 Bxh2+ 20. Kxh2 Be6 21. Bxe6 Qh4+ {½-½ (21) Gelashvili,T (2622)-Mijovic,S (2300) Antalya 2009}) 2... g6 3. Bg2 Bg7 4. d4 Nf6 5. c4 c6 6. cxd5 cxd5 7. Nc3 Ne4 8. Qb3 Nxc3 9. bxc3 O-O 10. Ne5 Nc6 11. O-O Nxe5 12. dxe5 Be6 13. Rd1 Qc7 14. Bxd5 Bxd5 15. Rxd5 Bxe5 16. Ba3 b6 17. Rad1 Rfd8 18. Rxd8+ Rxd8 19. Rxd8+ Qxd8 20. Qa4 h5 21. c4 h4 22. gxh4 Qc8 23. Bxe7 Qg4+ 24. Kf1 Qh3+ 25. Ke1 Qc3+ 26. Kf1 Qh3+ 27. Ke1 Qc3+ 28. Kf1 Qh3+ 1/2-1/2

[Event "Yingmei Cup CHN-chT 2017"]
[Site "Shenzen"]
[Date "2017.04.18"]
[Round "1"]
[White "Zhao, Xue"]
[Black "Gu, Tianlu"]
[Result "1-0"]
[WhiteElo "2499"]
[BlackElo "2212"]
[Annotator "TA"]
[PlyCount "89"]
[EventDate "2017.??.??"]
[EventCountry "CHN"]
[SourceTitle "playchess.com"]
[Source "ChessBase"]
[SourceQuality "1"]

{[%evp 21,89,22,52,47,62,70,69,64,70,59,60,57,60,63,55,54,62,49,88,75,151,135,197,189,218,205,193,186,157,136,144,127,147,147,178,125,119,121,159,165,547,542,537,527,487,225,206,0,383,362,352,354,379,363,361,330,333,208,278,274,363,306,363,355,472,473,464,444,472,465]} 1. d4 d5 2. c4 e6 3. Nf3 c6 4. e3 Nf6 5. Nbd2 Nbd7 6. b3 Bd6 7. Bb2 O-O 8. Bd3 {D30: Queen's Gambit Declined: Systems without Nc3} b6 9. Ne5 Bb7 10. O-O c5 11. cxd5 (11. Nxd7 Nxd7 12. cxd5 Bxd5 13. Qe2 cxd4 14. Bxd4 Nc5 15. Bc2 {½-½ (28) Dominguez Perez,L (2732)-Ding,L (2766) Huaian 2016}) 11... Nxd5 {LiveBook: 5 Games} 12. Ne4 Be7 13. Nxd7 Qxd7 14. dxc5 f5 15. Nd6 $1 Bxd6 16. cxd6 Qxd6 17. Bc4 $146 Qc6 {[#] White must now prevent ...Nxe3!} 18. Qf3 $40 {[%mdl 128] White attacks.} b5 19. Be2 Qd7 20. Qg3 Nf6 (20... a6 $142) 21. Rac1 $16 Rac8 (21... Bc6 $16 22. Rfd1 Qe8) 22. Rxc8 $18 Bxc8 23. Rd1 Qe8 24. Qc7 a6 25. Bf3 Rf7 26. Qg3 h6 27. h4 Qf8 28. Qe5 (28. Bxf6 $18 Rxf6 29. Rc1) 28... Ng4 $16 29. Qf4 Nf6 30. Rc1 Qd8 $2 (30... a5 31. Rc6 a4) 31. Qb8 $18 Rf8 32. Bxf6 gxf6 33. Qa7 (33. Qg3+ Kh8 34. Qg6 Qe7 35. Qxh6+ Kg8 $18) (33. Rc7 $142 {Strongly threatening Qa7.} Bd7 34. Qb6) 33... Rf7 {[#]} 34. Qb8 $2 (34. Qd4 $1 {[%cal Rd4d8]} Rd7 35. Qf4) 34... Rf8 35. Qg3+ Kh8 36. Qg6 Qe7 37. Qxh6+ Kg8 38. Qf4 {And now Rc7 would win.} e5 39. Bd5+ Be6 40. Qf3 Rd8 41. Bxe6+ Qxe6 42. Rc6 ({Weaker is} 42. Qg3+ Kh7 43. h5 Qf7 $18) 42... Rd6 43. Rxd6 {White is clearly winning.} Qxd6 44. Qxf5 Kg7 45. h5 1-0

[Event "Yingmei Cup CHN-chT 2017"]
[Site "Shenzen"]
[Date "2017.04.18"]
[Round "1"]
[White "Wan, Yunguo"]
[Black "Fang, Yuxiang"]
[Result "1-0"]
[WhiteElo "2492"]
[BlackElo "2498"]
[Annotator "TA"]
[PlyCount "121"]
[EventDate "2017.??.??"]
[EventCountry "CHN"]
[SourceTitle "playchess.com"]
[Source "ChessBase"]
[SourceQuality "1"]

{[%evp 12,121,15,0,8,2,4,-7,23,6,15,8,24,0,0,0,32,33,35,33,36,31,41,21,21,22,30,18,12,-7,0,0,0,-1,0,0,0,0,9,4,7,0,0,0,0,0,0,0,0,0,56,56,56,56,56,25,68,65,70,65,66,65,94,99,115,127,123,118,126,118,114,125,110,111,141,150,142,127,150,106,228,227,189,8,5708,5331,5291,5291,5537,4586,29966,29966,29963,29968,29968,29969,29971,29970,29971,29972,29972,29974,29974,29975,29979,29981,29981,29982,29982,29983,29983,29984]} 1. e4 e5 2. Nf3 Nc6 3. Bb5 Nf6 4. d3 Bc5 5. Bxc6 dxc6 6. h3 {C65: Ruy Lopez: Berlin Defence (3...Nf6), unusual lines and 4 0-0 Bc5} (6. Nbd2 Be6 7. O-O Bd6 8. d4 Nd7 9. dxe5 Nxe5 10. Nxe5 Bxe5 11. f4 Bd4+ 12. Kh1 f5 13. Qe2 O-O {0-1 (65) Robson,R (2668)-Nakamura,H (2793) Saint Louis 2017}) 6... O-O 7. Be3 {LiveBook: 3 Games} (7. Nbd2 $5 {is more complex.} Be6 8. Ng5 Bc8 9. O-O Qe7 10. Nb3) 7... Bxe3 8. fxe3 {The position is equal.} Qd6 $146 (8... Qe7 9. Nc3 c5 10. Nd2 Be6 11. b3 c6 12. a4 a5 13. O-O Nd7 {½-½ (36) Karttunen,M (2437)-Gomez,J (2526) Tromsoe 2014}) 9. Nc3 c5 10. O-O Be6 11. b3 Nd7 12. Nh4 c6 13. Nf5 Bxf5 (13... Qc7 $5 {is interesting.} 14. a4 g6 15. Nh6+ Kg7 16. Nf5+ Kg8) 14. exf5 Nf6 15. Qf3 Rfe8 16. Rad1 Rad8 17. Ne4 Nxe4 18. Qxe4 Qd5 19. Qg4 f6 20. c4 Qf7 21. Qe4 Rd6 22. g4 Qd7 23. Kf2 b5 24. h4 Qf7 25. Ke2 a5 26. Rc1 {[%cal Bd1c1,Bc1c5,Bc5b5,Bb5b7][%mdl 32]} (26. Rg1 $5 {seems wilder.} Rf8 27. cxb5 cxb5 28. Rc1 Rc8 29. Rc2) 26... a4 27. cxb5 axb3 28. Rxc5 cxb5 29. Rxb5 {Hoping for Rb7.} bxa2 30. Rb7 $36 {[%mdl 2048] White is pushing.} Qd5 ({Better is} 30... Rd7 $11 31. Rxd7 Qxd7) 31. Qxd5+ $14 Rxd5 {[%mdl 4096] Endgame KRR-KRR} 32. Ra7 Red8 33. Rd1 e4 {[%cal Re4d3]} 34. d4 $1 h5 35. Rg1 Rb8 {[#] aiming for ...Rb2+.} 36. Rxa2 Rdb5 37. gxh5 {[%cal Bg4h5,Bh5h6][%mdl 32] h6 is the strong threat.} Rxf5 38. h6 $1 g5 39. Rg4 Kh7 40. Rxe4 {Strongly threatening hxg5.} Kxh6 41. Ra7 Rb2+ 42. Kd3 Rf3 43. hxg5+ Kxg5 44. Ra3 f5 45. Re5 Kg4 (45... Rb8 $16 46. Kc4 Rf1) 46. d5 $18 f4 47. Re4 $2 ({White should play} 47. Kd4 $18) 47... Kf5 $2 {[%mdl 8192]} (47... Rb4 $11) 48. Rxf4+ Rxf4 49. exf4 {KR-KR} Rb4 50. Ra8 ({Weaker is} 50. Ra7 Kxf4 51. Kc3 (51. d6 Ke5 $11) 51... Rb1 $18) 50... Kxf4 51. Kc3 {White mates.} Rb1 52. Re8 Kf5 53. Kd4 Kf6 54. Kc5 Kf7 55. Re2 Rb8 56. d6 {[%cal Bd5d6,Bd6d7][%mdl 32]} Rc8+ 57. Kb6 Rd8 58. Kc7 Ra8 59. d7 Ra7+ 60. Kc8 Ra8+ {[#]} 61. Kb7 $1 1-0

[Event "Yingmei Cup CHN-chT 2017"]
[Site "Shenzen"]
[Date "2017.04.18"]
[Round "1"]
[White "Li, Di"]
[Black "Xu, Minghui"]
[Result "1-0"]
[WhiteElo "2485"]
[BlackElo "2283"]
[Annotator "TA"]
[PlyCount "47"]
[EventDate "2017.??.??"]
[EventCountry "CHN"]
[SourceTitle "playchess.com"]
[Source "ChessBase"]
[SourceQuality "1"]

{[%evp 18,47,0,0,0,-44,-48,-66,47,50,92,78,111,33,20,47,349,177,225,79,111,77,544,304,612,606,604,593,560,518,560,389]} 1. Nf3 Nf6 2. c4 c6 3. d4 d5 4. Nc3 e6 5. g3 dxc4 6. Bg2 Nbd7 7. O-O b5 8. e4 {[%cal Be2e4,Be4e5][%mdl 32] E01: Catalan: Early deviations} b4 9. e5 Nd5 10. Ne4 $1 {LiveBook: 3 Games. The position is equal.} N7b6 11. Nh4 $146 (11. Re1 a5 12. Nc5 Bxc5 13. dxc5 Nd7 14. Nd2 Ba6 15. Qg4 O-O 16. Nxc4 {0-1 (54) Rombaldoni,A (2567)-Ding,L (2753) Baku 2016}) 11... Be7 12. Qg4 g6 (12... Kf8 $1 $15) 13. Bh6 $14 Ba6 14. Rfe1 Na4 15. Nf3 (15. Nf6+ $16 Bxf6 16. exf6) 15... Nxb2 16. Nfg5 Nd3 $2 {[%mdl 8192] [#]} ({Black should play} 16... Qd7 $14) 17. Qf3 (17. Nxe6 $142 Bc8 18. Ng7+ Kf8 19. Ne6+ Ke8 20. Ng7+ Kf8 21. Ne6+ Ke8 22. Nxd8 (22. Ng7+ Kf8 $11) 22... Bxg4 23. Nxc6 Nxe1 24. Rxe1) 17... Kd7 $18 (17... Nxe1 $2 18. Qxf7+ Kd7 19. Nc5+ (19. Rxe1 Qg8 $16) (19. Qxe6+ Kc7 20. Rxe1 Bc8 $15) (19. Nxe6 Qe8 20. N6c5+ Kd8 21. Ne6+ Kc8 22. Qxe8+ Rxe8 $17) 19... Kc8 20. Qxe6+ Kc7 21. Bxd5 (21. Rxe1 Bc8 $11) 21... Qxd5 22. Qxe7+ Kb6 23. Rxe1 $18) (17... Bxg5 $6 18. Bxg5 Nxe1 19. Rxe1 $16) 18. Red1 ({Inferior is} 18. Qxf7 Qg8 $11) (18. Nxf7 $18 {and White stays clearly on top.} Nxe1 19. Rxe1) 18... Qe8 $16 (18... Bxg5 $2 19. Bxg5 Qc7 {[#]} 20. Rxd3 $1 {[%mdl 512]} (20. Qxf7+ Kc8 $16) 20... cxd3 21. Nc5+ (21. Qxf7+ Kc8 $16) 21... Ke8 22. Nxa6 $18) 19. Nxf7 {Rxd3 is the strong threat.} Rg8 $2 {[%mdl 8192]} (19... Rf8 $16 {is more resistant.} 20. Bxf8 Qxf8) 20. Nfd6 Bxd6 $2 (20... Rf8 21. Bxf8 (21. Nxe8 Rxf3 22. Bxf3 Kxe8 $14) 21... Qxf8 22. Rxd3 Bxd6) 21. Nf6+ $18 {White is clearly winning.} ({Weaker is} 21. Nxd6 Qe7 $11) (21. exd6 Rf8 22. Bxf8 Qxf8 $16) 21... Nxf6 22. Qxc6+ Ke7 23. Qxd6+ Kf7 24. exf6 1-0

[Event "Yingmei Cup CHN-chT 2017"]
[Site "Shenzen"]
[Date "2017.04.18"]
[Round "1"]
[White "Lin, Chen"]
[Black "Sethuraman, S P"]
[Result "1/2-1/2"]
[WhiteElo "2475"]
[BlackElo "2619"]
[Annotator "TA"]
[PlyCount "61"]
[EventDate "2017.??.??"]
[EventCountry "CHN"]
[SourceTitle "playchess.com"]
[Source "ChessBase"]
[SourceQuality "1"]

{[%evp 27,61,0,9,0,8,5,20,18,16,0,0,0,0,0,0,0,0,0,8,7,12,12,11,13,16,12,13,2,21,8,6,0,0,0,31,25]} 1. e4 e5 2. Nf3 Nc6 3. Nc3 Nf6 4. d4 exd4 5. Nxd4 Bb4 6. Nxc6 bxc6 7. Bd3 O-O 8. O-O d5 9. exd5 cxd5 10. h3 {C47: Scotch Four Knights and Four Knights with 4 g3} (10. Bg5 c6 11. Qf3 h6 12. Bxf6 Qxf6 13. Qxf6 gxf6 14. Ne2 Bd6 15. Rad1 Rb8 16. b3 Re8 17. h3 Rb6 18. Ng3 c5 19. Rfe1 Rxe1+ 20. Rxe1 Be6 21. c4 dxc4 22. Bxc4 Bxg3 23. fxg3 Bxc4 24. bxc4 {½-½ (33) Hou,Y (2651)-Ding,L (2760) Sharjah 2017}) 10... Re8 11. Qf3 c6 12. Bf4 Bd6 13. Rfe1 Be6 14. Rad1 Rb8 {LiveBook: 7 Games} 15. b3 Qc7 16. Ne2 Bxf4 17. Nxf4 Qa5 $146 (17... Bd7 18. Nh5 {½-½ (18) Godena,M (2508)-Marciano,D (2514) Switzerland 2012}) 18. a4 Bd7 19. Kf1 h6 20. Nh5 Nxh5 21. Qxh5 Qc7 {Threatening ...Qh2.} 22. g3 Qa5 23. Bf5 Bxf5 24. Qxf5 Qc3 25. Rxe8+ Rxe8 $11 {[%mdl 4096] Endgame KQR-KQR} 26. Qd3 Qe5 27. c4 Qe6 28. Kg2 {[%cal Rc4d5]} dxc4 29. Qxc4 Qxc4 30. bxc4 Re4 31. Rd8+ 1/2-1/2

[Event "Yingmei Cup CHN-chT 2017"]
[Site "Shenzen"]
[Date "2017.04.18"]
[Round "1"]
[White "Lei, Tingjie"]
[Black "Ju, Wenjun"]
[Result "1-0"]
[WhiteElo "2471"]
[BlackElo "2596"]
[Annotator "TA"]
[PlyCount "93"]
[EventDate "2017.??.??"]
[EventCountry "CHN"]
[SourceTitle "playchess.com"]
[Source "ChessBase"]
[SourceQuality "1"]

{[%evp 17,93,6,6,1,5,5,0,-22,-33,-25,-20,-49,-33,-44,-56,-54,-41,-45,-33,-50,-61,-68,0,-11,21,22,26,16,81,0,26,28,43,-53,-54,-42,225,213,212,232,437,438,562,245,290,264,321,317,697,342,618,413,401,368,527,520,628,613,570,565,29988,29989,29989,497,779,734,29989,2241,2274,443,29978,29979,5031,1514,1388,1319,29986,29987]} 1. e4 e6 2. d4 d5 3. Nc3 Nf6 4. e5 Nfd7 5. f4 c5 6. Nf3 Nc6 7. Be3 a6 8. Qd2 Be7 9. dxc5 Nxc5 {LiveBook: 50 Games. C11: French: Classical System: 4 e5 and 4 Bg5 dxe4} 10. h4 (10. O-O-O O-O 11. h4 Qa5 12. Nd4 Nxd4 13. Bxd4 Rd8 14. Kb1 Qc7 15. Bd3 b5 16. g4 b4 17. Ne2 {1-0 (37) Kasimdzhanov,R (2691)-Lupulescu,C (2609) Germany 2017}) 10... Qa5 11. O-O-O b5 {[%cal Bb7b5,Bb5b4][%mdl 32] White must now prevent ...b4.The position is equal.} 12. Bxc5 $146 (12. Kb1 Bb7 13. h5 h6 14. Bd3 Nxd3 15. cxd3 O-O 16. Qf2 d4 17. Nxd4 Nxd4 18. Bxd4 {½-½ (26) Houska,J (2479)-Galanov,S (2376) ICCF email 2008}) 12... Bxc5 13. Kb1 $1 Qb6 14. Ne2 b4 15. Ned4 Nxd4 16. Nxd4 O-O 17. h5 a5 18. g4 a4 19. Rh3 f6 (19... a3 $15 20. b3 Bd7) 20. exf6 $11 Rxf6 21. Bg2 Bb7 22. f5 e5 {[#]} (22... Bxd4 $11 23. Qxd4 Qxd4 24. Rxd4 exf5) 23. Ne6 ({Better is} 23. g5 $1 $16 {[%cal Rg5f6]} Rd6 24. Ne6) 23... e4 $1 24. h6 $36 {[%mdl 2048] White is more active.} g6 25. Nf4 (25. c4 $14) 25... d4 $15 26. Qe2 Kh8 $2 {[%mdl 8192]} (26... Re8 $15 {keeps the upper hand.}) 27. Bxe4 $18 Re8 28. Ne6 {Bxb7 is the strong threat.} Rexe6 $2 (28... Bc8) 29. fxe6 Qxe6 (29... Rxe6 30. Qf1 Bc8 31. Bd5) 30. Bf3 (30. Qb5 $142 Bxe4 31. Qxc5) 30... Qxe2 31. Bxe2 Rf2 32. Re1 a3 $2 {[#]} (32... Kg8 33. Bb5 Kf7) 33. Bc4 (33. Bf3 $142 $1 {[%mdl 512] Intending Re8+ and mate.} Be4 (33... Bxf3 34. Re8+) 34. Bxe4) 33... axb2 $2 (33... Rf8 34. g5 Bg2) 34. Kxb2 Rf8 35. Rh2 Bc8 (35... Bd6 $142) 36. Rhe2 Bxg4 37. Re8 {Rxf8+ would kill now.} Bd7 38. R8e5 Bb6 39. Re7 Ba4 40. Rf7 (40. Rg7 $142 d3 41. Ree7 Bd4+ 42. Kc1 Be3+ 43. Rxe3 g5 44. Ree7 d2+ 45. Kd1) 40... Bc5 (40... Rxf7 $142 41. Bxf7 d3 42. cxd3 Bd4+ 43. Kc1 Bf6) 41. Rc7 Bb6 42. Rb7 (42. Rg7 $142 d3 43. Ree7 Bd4+ 44. Kc1 Be3+ 45. Rxe3 g5 46. Ree7 d2+ 47. Kxd2) 42... Bc5 43. Bd5 (43. Re5 $142 Bd6 44. Re6) 43... Bd6 (43... d3 $18 44. cxd3 Bd4+ 45. Kb1 Bc3) 44. Re6 Bc5 45. Bc6 (45. Rc7 $142 b3 46. axb3) 45... d3 46. Bxa4 Bd4+ 47. Kc1 1-0

[Event "Yingmei Cup CHN-chT 2017"]
[Site "Shenzen"]
[Date "2017.04.18"]
[Round "1"]
[White "Huang, Qian"]
[Black "Shen, Yang"]
[Result "1/2-1/2"]
[WhiteElo "2450"]
[BlackElo "2473"]
[Annotator "TA"]
[PlyCount "62"]
[EventDate "2017.??.??"]
[EventCountry "CHN"]
[SourceTitle "playchess.com"]
[Source "ChessBase"]
[SourceQuality "1"]

{[%evp 24,62,31,12,13,20,16,-73,12,10,19,16,28,14,14,0,0,0,0,0,0,3,3,0,0,0,0,0,6,4,26,25,24,18,20,8,30,16,18,3,6]} 1. d4 d5 2. Nf3 Nf6 3. c4 c6 4. Nc3 e6 {[%cal Be7e6,Be6e5][%mdl 32]} 5. e3 Nbd7 6. Qc2 Bd6 7. Bd3 O-O 8. O-O e5 9. cxd5 cxd5 10. e4 exd4 11. Nxd5 Nxd5 12. exd5 h6 13. Nxd4 Qh4 {[%csl Gd6][%cal Rh4h2] [#] D46: Semi-Slav: 5 e3 Nbd7 6 Bd3, Black avoids the Meran} 14. Nf3 Qh5 15. Bh7+ Kh8 {Hoping for ...g6.Black is better.} 16. Qf5 $1 {[%cal Rf5h5]} Qxf5 $1 17. Bxf5 Nf6 18. Bc2 b6 19. Ba4 Bb7 ({Much weaker is} 19... Nxd5 $6 20. Bc6 Be6 21. Bxa8 Rxa8 22. Bd2 $16) 20. Bc6 Bxc6 21. dxc6 {next Rd1 is good for White.} Rac8 $146 22. Be3 {Threatening Rac1.} Rxc6 23. Rac1 Rxc1 24. Rxc1 Rd8 25. g3 Kg8 26. Rd1 Bc7 27. Rxd8+ Bxd8 28. Kf1 Nd5 29. Bd4 f6 30. Ke2 Kf7 31. a3 Ke6 1/2-1/2

[Event "Yingmei Cup CHN-chT 2017"]
[Site "Shenzen"]
[Date "2017.04.18"]
[Round "1"]
[White "Liu, Guanchu"]
[Black "Lu, Shanglei"]
[Result "1/2-1/2"]
[WhiteElo "2437"]
[BlackElo "2620"]
[Annotator "TA"]
[PlyCount "63"]
[EventDate "2017.??.??"]
[EventCountry "CHN"]
[SourceTitle "playchess.com"]
[Source "ChessBase"]
[SourceQuality "1"]

{[%evp 13,63,18,42,-3,-6,-4,-8,-28,-18,-25,-20,-19,0,-6,-7,-10,-7,-47,-36,-45,-45,-38,-38,-38,-38,-36,-35,-38,-30,-40,-45,-47,-54,-121,0,0,0,-35,0,0,0,0,0,-8,28,24,75,91,88,83,60,70]} 1. e4 c5 2. Ne2 Nf6 3. Nbc3 d6 4. g3 b5 5. Bg2 Bb7 6. d4 {B23: Closed Sicilian: Lines without g3} Nbd7 7. O-O e6 {LiveBook: 3 Games} (7... b4 8. Nd5 e6 9. Nxf6+ Nxf6 10. d5 exd5 11. exd5 Be7 12. c4 O-O 13. h3 Nd7 {0-1 (38) Felgaer,R (2586)-Areshchenko,A (2709) Tromsoe 2013}) 8. dxc5 $146 (8. d5 b4 9. Nb1 exd5 10. exd5 Be7 11. c4 bxc3 12. Nbxc3 {0-1 (46) Kalinina,O (2290)-Schleining,Z (2376) Germany 2014}) 8... b4 9. Na4 (9. cxd6 bxc3 10. Nxc3 Qb6 $17) 9... dxc5 10. f3 Bc6 11. b3 Bxa4 12. bxa4 c4 13. a3 Bc5+ 14. Kh1 a5 15. Nf4 O-O 16. Qe2 e5 17. Nd5 Nxd5 18. exd5 Bd4 19. Rb1 {[%cal Ba1b1,Bb1b3,Bb3d3,Bd3d4][%mdl 32]} Nb6 20. f4 Nxd5 {aiming for ...Nc3.} 21. Qxc4 Nc3 22. Rb3 Rc8 (22... Nxa4 $6 23. axb4 Rc8 24. Qb5 $14) 23. Qa6 {[#]} Nxa4 ({Better is} 23... e4 $1 $17 {...Qd5 is the strong threat.} 24. axb4 e3) 24. axb4 $11 Rxc2 25. Qxa5 Nb6 {[%cal Ba4b6,Bb6c4,Bc4e3][%mdl 32] And now ...Qc8 would win.} 26. fxe5 Qc8 27. Rd3 $1 {[%cal Rd3d4]} Qc4 ({Don't play} 27... Rxc1 $6 28. Rxd4 Rxf1+ 29. Bxf1 $16) 28. Rfd1 Rxc1 {[#]} 29. Rxd4 $1 {[%mdl 512]} Qc2 {[#]} (29... Qxd4 $11 30. Rxc1 Qb2) 30. Rf1 $1 $16 ({But not} 30. Bf3 $2 Qf2 31. Bb7 Nc4 $19) 30... Nc4 {( -> ...Ne3)} 31. Qc5 Ne3 {[%csl Ge3][%cal Rc2g2]} 32. Qxc2 1/2-1/2